<?xml version="1.0" encoding="UTF-8"?>
<record
    xmlns:xsi="http://www.w3.org/2001/XMLSchema-instance"
    xsi:schemaLocation="http://www.loc.gov/MARC21/slim http://www.loc.gov/standards/marcxml/schema/MARC21slim.xsd"
    xmlns="http://www.loc.gov/MARC21/slim">

  <leader>00903nam a22002417a 4500</leader>
  <controlfield tag="005">20240530110518.0</controlfield>
  <controlfield tag="008">160210s2012    su ad  f b    000 0 ara d</controlfield>
  <datafield tag="017" ind1=" " ind2=" ">
    <subfield code="a">1429/2192</subfield>
    <subfield code="b">&#x627;&#x644;&#x633;&#x639;&#x648;&#x62F;&#x64A;&#x629; . &#x645;&#x643;&#x62A;&#x628;&#x629; &#x627;&#x644;&#x645;&#x644;&#x643; &#x641;&#x647;&#x62F; &#x627;&#x644;&#x648;&#x637;&#x646;&#x64A;&#x629;</subfield>
  </datafield>
  <datafield tag="020" ind1=" " ind2=" ">
    <subfield code="a">9786038005088</subfield>
  </datafield>
  <datafield tag="040" ind1=" " ind2=" ">
    <subfield code="a">EG-CaGPL</subfield>
  </datafield>
  <datafield tag="082" ind1="0" ind2="4">
    <subfield code="2">21</subfield>
    <subfield code="a">645.4\</subfield>
    <subfield code="b">&#x645; &#x645;</subfield>
  </datafield>
  <datafield tag="100" ind1="0" ind2=" ">
    <subfield code="a">&#x645;&#x647;&#x62C;&#x629; &#x645;&#x62D;&#x645;&#x62F; &#x627;&#x633;&#x645;&#x627;&#x639;&#x64A;&#x644; &#x645;&#x633;&#x644;&#x645; .</subfield>
  </datafield>
  <datafield tag="245" ind1="1" ind2="2">
    <subfield code="a">&#x627;&#x644;&#x645;&#x633;&#x643;&#x646; &#x627;&#x644;&#x627;&#x633;&#x631;&#x649; :</subfield>
    <subfield code="b">&#x62A;&#x627;&#x62B;&#x64A;&#x62B;&#x647; &#x648; &#x62A;&#x62C;&#x645;&#x64A;&#x644;&#x647; /</subfield>
    <subfield code="c">&#x645;&#x647;&#x62C;&#x629; &#x645;&#x62D;&#x645;&#x62F; &#x627;&#x633;&#x645;&#x627;&#x639;&#x64A;&#x644; &#x645;&#x633;&#x644;&#x645; .</subfield>
  </datafield>
  <datafield tag="250" ind1=" " ind2=" ">
    <subfield code="a">&#x637;2.</subfield>
  </datafield>
  <datafield tag="260" ind1=" " ind2=" ">
    <subfield code="a">&#x627;&#x644;&#x631;&#x64A;&#x627;&#x636; :</subfield>
    <subfield code="b">&#x62F;&#x627;&#x631; &#x627;&#x644;&#x632;&#x647;&#x631;&#x627;&#x621; &#x60C;</subfield>
    <subfield code="c">2012 .</subfield>
  </datafield>
  <datafield tag="300" ind1=" " ind2=" ">
    <subfield code="a">371 &#x635; :</subfield>
    <subfield code="b">&#x627;&#x64A;&#x636; &#x61B;</subfield>
    <subfield code="c">24 &#x633;&#x645; .</subfield>
  </datafield>
  <datafield tag="504" ind1=" " ind2=" ">
    <subfield code="a">&#x628;&#x628;&#x644;&#x64A;&#x648;&#x62C;&#x631;&#x627;&#x641;&#x64A;&#x629; : 367 - 371</subfield>
  </datafield>
  <datafield tag="650" ind1="0" ind2="4">
    <subfield code="a">&#x627;&#x644;&#x639;&#x645;&#x627;&#x631;&#x629; &#x627;&#x644;&#x645;&#x646;&#x632;&#x644;&#x64A;&#x629; .</subfield>
  </datafield>
  <datafield tag="650" ind1="0" ind2="4">
    <subfield code="a">&#x627;&#x644;&#x62F;&#x64A;&#x643;&#x648;&#x631; &#x627;&#x644;&#x62F;&#x627;&#x62E;&#x644;&#x649; .</subfield>
  </datafield>
  <datafield tag="650" ind1="0" ind2="4">
    <subfield code="a">&#x627;&#x644;&#x645;&#x633;&#x627;&#x643;&#x646; </subfield>
    <subfield code="x">&#x62A;&#x634;&#x64A;&#x64A;&#x62F; .</subfield>
  </datafield>
  <datafield tag="942" ind1=" " ind2=" ">
    <subfield code="2">ddc</subfield>
    <subfield code="c">BK</subfield>
  </datafield>
  <datafield tag="999" ind1=" " ind2=" ">
    <subfield code="c">61833</subfield>
    <subfield code="d">61833</subfield>
  </datafield>
  <datafield tag="952" ind1=" " ind2=" ">
    <subfield code="0">0</subfield>
    <subfield code="1">0</subfield>
    <subfield code="4">0</subfield>
    <subfield code="7">0</subfield>
    <subfield code="a">CAI</subfield>
    <subfield code="b">CAI</subfield>
    <subfield code="d">2016-02-10</subfield>
    <subfield code="l">0</subfield>
    <subfield code="o">645.4\ &#x645; &#x645;</subfield>
    <subfield code="p">161260</subfield>
    <subfield code="r">2016-02-10 00:00:00</subfield>
    <subfield code="w">2016-02-10</subfield>
    <subfield code="y">BK</subfield>
  </datafield>
</record>
